| 000 | 01338nam a22003737a 4500 | ||
|---|---|---|---|
| 001 | BR7328009 | ||
| 003 | BR-BrBNA | ||
| 005 | 20230928084358.0 | ||
| 007 | ta | ||
| 008 | 230509b bl.||||| |||| 00| 0 por d | ||
| 040 |
_aBR-BrBNA _bpor _cBiblioteca Nacional de Agricultura |
||
| 041 | _a(Por) | ||
| 072 |
_aE30; F00; L00 _b0430 _b0230 _b0510 _b0600 _b0120 _b1410 _b0150 _b5212 _b5300 _b6000 _b/G514 |
||
| 090 | _ 0430 BR7328009 | ||
| 110 | 1 |
_aAssociacao Nordestina de Credito e Assistencia Rural da Paraiba, Joao Pessoa (Brasil) _9691 |
|
| 245 | 1 | _aPrograma de desenvolvimento economico e social, Guarabira, Paraiba 1962-1966 [Algodao herbaceo; Cana de acucar; Agave; Fruticultura; Milho; Feijao; Arroz; Bovino; Suinocultura; Avicultura; Alimentacao; Organizacao rural; Brasil] | |
| 260 | 3 |
_aJoao Pessoa, PB (Brasil): _c1961. |
|
| 300 | _a118 p. | ||
| 500 | _a(*) Documento disponível no(a) Empresa Brasileira de Assistencia Tecnica e Extensao Rural, Brasilia, DF | ||
| 650 | _aDESENVOLVIMENTO ECONOMICO | ||
| 650 | _aPARAIBA | ||
| 650 | _aGUARABIRA | ||
| 650 | _aALGODAO HERBACEO | ||
| 650 | _aCANA DE ACUCAR | ||
| 650 | _aFRUTA | ||
| 650 | _aMILHO | ||
| 650 | _aFEIJAO | ||
| 650 | _aARROZ | ||
| 650 | _aBOVINO | ||
| 650 | _aSUINO | ||
| 650 | _aAVE DOMESTICA | ||
| 909 |
_a202309 _bLucia _c55 _dLucia Elande |
||
| 942 | _cBK | ||
| 999 |
_c18551 _d18551 |
||